000
00304 a2200133 4500
001
156541
040
_c
Escola São Tomás de Aquino
100
_a
SILVEIRA, Bueno
240
1
0
_a
Silveira Bueno
_l
por
245
1
0
_a
Silveira Bueno
362
0
_a
2007
697
_a
Dicionário de português
942
_c
MATP
999
_c
156541
_d
156541